000 00537nam a2200181Ia 4500
008 090123s9999 xx 000 0 und d
082 _b6311
_a891.463/शिरव
100 _aशिरवळकर सुहास
245 _aस्वीकृत
250 _a1
260 _bआरती प्रकाशन
300 _a196
600 _aशिरवळकर सुहास
630 _aस्वीकृत
700 _aशिरवळकर सुहास
730 _aस्वीकृत
942 _cBOOK
999 _c44375
_d44375